000 01201cai a22002295a 4500
001 L159914
008 080811u2017 xxk g 000 0 eng d
035 _a(Sirsi) u159914
041 0 _aeng
050 0 4 _a690.241 $2 18
110 2 _aEnglish Heritage
_92714
245 0 0 _aHeritage counts 2017
_b50 years of conservation areas
_h[electronic resource]
260 _a[S.l.]
_bEnglish Heritage
_c2017
505 2 _a50 years of conservation areas -- Case studies -- Heritage and economy -- Heritage and society -- Heritage indicators -- Regional reports
520 _aFocuses on 50 years of conservation areas. Conservation areas exist to preserve the special architectural and historic interest of a place - in other words, the features that make it unique. Every local authority in England has at least one conservation area and there are now over 10,000 in England.
590 _aKA
650 2 4 _aHISTORIC ENVIRONMENT
651 4 _aEngland
_y886-
690 _aBUILT ENVIRONMENT-BUILDING TYPES-ANCIENT MONUMENTS AND HISTORIC BUILDINGS
856 4 0 _uhttps://historicengland.org.uk/research/heritage-counts/2017-conservation-areas/
_zView the website at historicengland.org.uk....
942 _n0
999 _c116147
_d116147